| 000 | 00530nam a22001457a 4500 | ||
|---|---|---|---|
| 003 | 0 | ||
| 005 | 20160609172241.0 | ||
| 008 | 130813t xxu||||| |||| 00| 0 eng d | ||
| 040 |
_aBUAC _bFr _cBEPAC |
||
| 100 |
_aDOSSA, Adjossi Fleur Eunice _926315 |
||
| 245 |
_aContribution à l’amélioration de la qualité des inventaires des gaz à effet de serre au bénin : secteur de l’agriculture _cDOSSA, Adjossi Fleur Eunice |
||
| 260 |
_aAbomey-Calavi _bEcole Polytechnique d’Abomey-Calavi _c2006 |
||
| 300 | _a81 p. | ||
| 942 | _cTHE | ||
| 999 |
_c52543 _d52543 |
||